000
00200 a2200097 4500
001
601
100
_a
Starling,SG
245
_a
Electricity and magnetism
260
_a
_b
Longman
_c
090
_c
201
_d
201
942
_a
NUST-CAE
_c
M
_c
11225
999
_c
235674
_d
235674